The novels on the Indian partition / (Record no. 35973)
[ view plain ]
| 000 -LEADER | |
|---|---|
| fixed length control field | 02561nam a22003377a 4500 |
| 005 - DATE AND TIME OF LATEST TRANSACTION | |
| control field | 20100512120049.0 |
| 008 - FIXED-LENGTH DATA ELEMENTS--GENERAL INFORMATION | |
| fixed length control field | 100512t xxu||||| |||| 00| 0 eng d |
| 010 ## - LCCN (DPL NO) | |
| LC control number | B-422495-503 |
| 020 ## - INTERNATIONAL STANDARD BOOK NUMBER | |
| International Standard Book Number | 9788190398183 |
| Terms of availability | 750.00 |
| 035 ## - SYSTEM CONTROL NUMBER | |
| System control number | B-422495-503 |
| 037 ## - SOURCE OF ACQUISITION | |
| Source of stock number/acquisition | Infotrack Library Solution |
| 040 ## - CATALOGING SOURCE | |
| Original cataloging agency | dpl |
| Language of cataloging | English |
| 082 ## - DEWEY DECIMAL CLASSIFICATION NUMBER | |
| Classification number | 883.09 |
| 100 ## - MAIN ENTRY--PERSONAL NAME | |
| Personal name | More, D.R. |
| 9 (RLIN) | 26317 |
| 245 ## - TITLE STATEMENT | |
| Title | The novels on the Indian partition / |
| Statement of responsibility, etc | by D.R. More |
| 260 ## - PUBLICATION, DISTRIBUTION, ETC. (IMPRINT) | |
| Place of publication, distribution, etc | Jaipur |
| Name of publisher, distributor, etc | Shruti Publications |
| Date of publication, distribution, etc | 2008 |
| 270 ## - ADDRESS | |
| Address | 50-Ka-5, Jyoti Nagar, |
| City | Jaipur |
| Postal code | 302005 |
| 300 ## - PHYSICAL DESCRIPTION | |
| Extent | ix, 273p. |
| Dimensions | 24cm(Hb) |
| 500 ## - GENERAL NOTE | |
| General note | Includes bibliographical references |
| 942 ## - ADDED ENTRY ELEMENTS (KOHA) | |
| Source of classification or shelving scheme | Dewey Decimal Classification |
| Item type | English Books |
| Call number suffix | MOR |
| Classification part | 883.09 |
| Withdrawn status | Lost status | Source of classification or shelving scheme | Damaged status | Not for loan | Collection code | Home library | Current library | Date acquired | Source of acquisition | Cost, normal purchase price | Total Checkouts | Total Renewals | Full call number | Barcode | Date last seen | Copy number | Cost, replacement price | Koha item type |
|---|---|---|---|---|---|---|---|---|---|---|---|---|---|---|---|---|---|---|
| Dewey Decimal Classification | Non-fiction | Central Library | Central Library | 01/03/2011 | ITLS/D00013/2010/15/20.7.10/41/1.7.10/5.1.2011 | 750.00 | 6 | 6 | 883.09 MOR | B-422495 | 06/03/2024 | 1 | 750.00 | English Books | ||||
| Dewey Decimal Classification | Non-fiction | Janak Puri | Janak Puri | 01/03/2011 | ITLS/D00013/2010/15/20.7.10/41/1.7.10/5.1.2011 | 750.00 | 5 | 2 | 883.09 MOR | B-422497 | 19/01/2026 | 2 | 750.00 | English Books | ||||
| Dewey Decimal Classification | Non-fiction | Janak Puri | Janak Puri | 01/03/2011 | ITLS/D00013/2010/15/20.7.10/41/1.7.10/5.1.2011 | 750.00 | 5 | 2 | 883.09 MOR | B-422498 | 26/04/2022 | 2 | 750.00 | English Books | ||||
| Dewey Decimal Classification | Non-fiction | Janak Puri | Janak Puri | 01/03/2011 | ITLS/D00013/2010/15/20.7.10/41/1.7.10/5.1.2011 | 750.00 | 1 | 883.09 MOR | B-422501 | 21/10/2025 | 1 | 750.00 | English Books | |||||
| Dewey Decimal Classification | Non-fiction | Narela | Narela | 01/03/2011 | ITLS/D00013/2010/15/20.7.10/41/1.7.10/5.1.2011 | 750.00 | 883.09 MOR | B-422502 | 01/03/2011 | 1 | 750.00 | English Books | ||||||
| Written-off vide DLB M. No. 383 dt 16.05.19 | Dewey Decimal Classification | Non-fiction | Patel Nagar | Patel Nagar | 01/03/2011 | ITLS/D00013/2010/15/20.7.10/41/1.7.10/5.1.2011 | 750.00 | 883.09 MOR | B-422496 | 01/03/2011 | 1 | 750.00 | English Books | |||||
| Dewey Decimal Classification | Non-fiction | Sarojini Nagar | Sarojini Nagar | 01/03/2011 | ITLS/D00013/2010/15/20.7.10/41/1.7.10/5.1.2011 | 750.00 | 4 | 1 | 883.09 MOR | B-422499 | 05/05/2025 | 1 | 750.00 | English Books | ||||
| Dewey Decimal Classification | Non-fiction | Shahdara Branch | Shahdara Branch | 01/03/2011 | ITLS/D00013/2010/15/20.7.10/41/1.7.10/5.1.2011 | 750.00 | 1 | 883.09 MOR | B-422503 | 29/01/2022 | 1 | 750.00 | English Books | |||||
| Dewey Decimal Classification | Non-fiction | Vinoba Puri | Vinoba Puri | 01/03/2011 | ITLS/D00013/2010/15/20.7.10/41/1.7.10/5.1.2011 | 750.00 | 1 | 1 | 883.09 MOR | B-422500 | 06/01/2017 | 1 | 750.00 | English Books |
